| 000 | 00805nam a2200241 i 4500 | ||
|---|---|---|---|
| 001 | bg | ||
| 100 | 1 | _aMAJSZCZYK, Hanna | |
| 245 | 1 | 0 |
_aUstawa o podatku od towarów i usług oraz o podatku akcyzowym : _bkomentarz / _cHanna Majszczyk, Michał Stolarek. |
| 250 |
_aWyd. 2 _a[stan prawny na 25 maja 1998 r.]. |
||
| 260 |
_aWarszawa : _bWydawnictwa Prawnicze PWN, _c1998. |
||
| 300 |
_a290, [2] s. ; _c24 cm. |
||
| 504 | _aIndeks. | ||
| 650 | 9 |
_aAkcyza _xprawo _zPolska _ystan na 1998 r. |
|
| 650 | 9 |
_aPodatek od towarów i usług _xprawo _zPolska _ystan na 1998 r. |
|
| 700 | 1 | _aSTOLAREK, Michał | |
| 020 | _a838755829X | ||
| 040 | _cBPK | ||
| 041 | 0 | _apl | |
| 080 | _a336.221.24:336.226.33:336.226.322](438) | ||
| 920 | _a83-87558-29-X | ||
| 942 | _cKS | ||
| 008 | s pl f |000 0 pol | ||
| 999 |
_c33854 _d33854 |
||
| 856 |
_uhttp://koha.tu.koszalin.pl/cgi-bin/koha/opac-detail.pl?biblionumber=33854 _yKatalog online BPK |
||